| 000 | 01130cam a22003011 4500 | ||
|---|---|---|---|
| 999 |
_c528086 _d528086 |
||
| 001 | 281119 | ||
| 003 | NUST | ||
| 005 | 20190828054508.0 | ||
| 008 | 731212s1966 mauab b 000 0 eng | ||
| 010 | _a 66026018 | ||
| 038 | _aM.Ramzan | ||
| 040 |
_aDLC _cDLC _dDLC |
||
| 043 | _as-ve--- | ||
| 050 | 0 | 0 |
_aHE359.V43 _bT76 |
| 082 | 0 | 0 |
_a380.50987 _bSOB |
| 100 | 1 |
_aSoberman, Richard M. _919631 |
|
| 245 | 1 | 0 |
_aTransport technology for developing regions; _ba study of road transportation in Venezuela _c[by] Richard M. Soberman. |
| 260 |
_aCambridge, Mass., _bM.I.T. Press _c[1966] |
||
| 300 |
_axii, 177 p. _billus., maps. _c25 cm. |
||
| 490 | 1 | _aA Publication of the Joint Center for Urban Studies of the Massachusetts Institute of Technology and Harvard University | |
| 500 | _aBased on thesis, Massachusetts Institute of Technology. | ||
| 504 | _aBibliography: p. 162-172. | ||
| 650 | 0 |
_aTraffic engineering _zVenezuela. _919632 |
|
| 650 | 0 |
_aRoads _zVenezuela. _919633 |
|
| 830 | 0 |
_aPublication of the Joint Center for Urban Studies. _919634 |
|
| 906 |
_a7 _bcbc _corignew _du _eocip _f19 _gy-gencatlg |
||
| 942 |
_2ddc _cBK |
||